000 00353nab a22001097u 4500
008 130520b1986 xxu||||| |||| 00| 0 fre d
041 _afre
100 1 _aBühler, Pierre
_910824
245 0 0 _aLe souci de la survie et ses étranges paradoxes
_cPierre Bühler
773 0 _tLumière et Vie
_gV.35, nº179,1986,págs. 35-48
_x0024-7359
_wRev261
942 _cAR
999 _c318071
_d318071